000
00308nam a22001337a 4500
008
170320b xxu||||| |||| 00| 0 eng d
020
_a
815181671
041
_a
eng
080
_2
3RD
_a
616.8
100
_a
7
101
_a
SHM
245
_a
EXAMINATION OF THE NERVOUS SYSTEM
_c
STEEGMANN, A.TH
942
_2
udc
_c
BK
999
_c
8052
_d
8052